<?xml version="1.0" encoding="UTF-8"?>
<record
    xmlns:xsi="http://www.w3.org/2001/XMLSchema-instance"
    xsi:schemaLocation="http://www.loc.gov/MARC21/slim http://www.loc.gov/standards/marcxml/schema/MARC21slim.xsd"
    xmlns="http://www.loc.gov/MARC21/slim">

  <leader>01297nam a22002897a 4500</leader>
  <controlfield tag="001">BRCA_9179</controlfield>
  <controlfield tag="003">FranzMayer</controlfield>
  <controlfield tag="005">20220809132018.0</controlfield>
  <controlfield tag="008">220630b        |||||||| |||| 00| 0 spa d</controlfield>
  <datafield tag="024" ind1=" " ind2=" ">
    <subfield code="a">109200925</subfield>
    <subfield code="q">NIPO</subfield>
  </datafield>
  <datafield tag="040" ind1=" " ind2=" ">
    <subfield code="c">MFM</subfield>
  </datafield>
  <datafield tag="041" ind1=" " ind2=" ">
    <subfield code="a">spa</subfield>
  </datafield>
  <datafield tag="050" ind1=" " ind2=" ">
    <subfield code="a">N2810 </subfield>
    <subfield code="b">.R434 2020</subfield>
  </datafield>
  <datafield tag="245" ind1="0" ind2="3">
    <subfield code="a">La Real Academia de Espa&#xF1;a en Roma y el conjunto monumental de San Pedro en Montorio : </subfield>
    <subfield code="b">De los Reyes Cat&#xF3;licos al siglo XXI /</subfield>
    <subfield code="c">coordinaci&#xF3;n general, M.&#xAA; &#xC1;ngeles Albert de Le&#xF3;n</subfield>
  </datafield>
  <datafield tag="250" ind1=" " ind2=" ">
    <subfield code="a">Primera edici&#xF3;n</subfield>
  </datafield>
  <datafield tag="260" ind1=" " ind2=" ">
    <subfield code="a">Roma</subfield>
    <subfield code="b">RAER</subfield>
    <subfield code="c">2020</subfield>
  </datafield>
  <datafield tag="260" ind1=" " ind2=" ">
    <subfield code="a">Madrid</subfield>
    <subfield code="b">AECID</subfield>
    <subfield code="c">2020</subfield>
  </datafield>
  <datafield tag="300" ind1=" " ind2=" ">
    <subfield code="a">177 p. :</subfield>
    <subfield code="b">il., planos, facs., fot. ;</subfield>
    <subfield code="c">17 x 24 cm</subfield>
  </datafield>
  <datafield tag="500" ind1=" " ind2=" ">
    <subfield code="a">Ubicaci&#xF3;n: L59-N5</subfield>
  </datafield>
  <datafield tag="500" ind1=" " ind2=" ">
    <subfield code="a">Incluye lista de Directores y Residentes</subfield>
  </datafield>
  <datafield tag="504" ind1=" " ind2=" ">
    <subfield code="a">&#xCD;ndice de im&#xE1;genes: 168-173 p.</subfield>
  </datafield>
  <datafield tag="505" ind1=" " ind2=" ">
    <subfield code="a">Bibliograf&#xED;a: 174-177 p.</subfield>
  </datafield>
  <datafield tag="520" ind1=" " ind2=" ">
    <subfield code="a">Publicaci&#xF3;n sobre el patrimonio y la historia de la Academia de Espa&#xF1;a en Roma que, desde su fundaci&#xF3;n en 1873, sigue siendo la instituci&#xF3;n cultural  m&#xE1;s importante del Ministerio de Asuntos Exteriores, Uni&#xF3;n Europea y Cooperaci&#xF3;n. - &#xC1;ngeles Moreno Bau (Secretaria de Estado de Cooperaci&#xF3;n Internacional)</subfield>
  </datafield>
  <datafield tag="610" ind1=" " ind2=" ">
    <subfield code="a">Real Academia de Espa&#xF1;a en Roma</subfield>
    <subfield code="x">Historia</subfield>
    <subfield code="y">Siglos XV-XX</subfield>
    <subfield code="9">28389</subfield>
  </datafield>
  <datafield tag="942" ind1=" " ind2=" ">
    <subfield code="2">lcc</subfield>
    <subfield code="c">B</subfield>
  </datafield>
  <datafield tag="999" ind1=" " ind2=" ">
    <subfield code="c">10798</subfield>
    <subfield code="d">10798</subfield>
  </datafield>
  <datafield tag="952" ind1=" " ind2=" ">
    <subfield code="0">0</subfield>
    <subfield code="1">0</subfield>
    <subfield code="2">lcc</subfield>
    <subfield code="4">0</subfield>
    <subfield code="7">0</subfield>
    <subfield code="a">BRCA</subfield>
    <subfield code="b">BRCA</subfield>
    <subfield code="d">2022-06-30</subfield>
    <subfield code="l">0</subfield>
    <subfield code="o">N2810  .R434 2020</subfield>
    <subfield code="p">CONT9952</subfield>
    <subfield code="r">2022-06-30 00:00:00</subfield>
    <subfield code="t">1</subfield>
    <subfield code="w">2022-06-30</subfield>
    <subfield code="y">B</subfield>
  </datafield>
</record>
